[Event "24th ch-EUR Indiv 2024"]
[Site "Petrovac MNE"]
[Date "2024.11.08"]
[Round "1.23"]
[White "Novosel, Lovro"]
[Black "Korobov, Anton"]
[Result "0-1"]
[WhiteTitle "FM"]
[BlackTitle "GM"]
[WhiteElo "2353"]
[BlackElo "2636"]
[WhiteFideId "14547120"]
[BlackFideId "14105730"]
[EventDate "2024.11.08"]

1. d4 Nf6 2. Nf3 g6 3. c4 Bg7 4. g3 O-O 5. Bg2 d6 6. O-O a6 7. Nc3 Nc6 8. Bf4 h6
9. h3 g5 10. Be3 g4 11. hxg4 Nxg4 12. Qd2 f5 13. Nd5 Bd7 14. Rfd1 Rf7 15. Nf4 e5
16. dxe5 dxe5 17. Nh5 Nxe3 18. Qxe3 e4 19. Ne1 Qg5 20. Qxg5 hxg5 21. Nxg7 Kxg7
22. f3 Re8 23. fxe4 fxe4 24. Nc2 Bg4 25. Re1 Bf5 26. Rad1 Ne5 27. Ne3 Bg6 28. c5
Nf3+ 29. exf3 exf3 30. Ng4 Rxe1+ 31. Rxe1 fxg2 32. Re5 Bf5 33. Kxg2 Kg6 34. Nf2
Bd7 35. Nh3 Rf5 36. Rxf5 Kxf5 37. Kf2 a5 38. Ng1 Ke4 39. Nf3 g4 40. Ne1 Kd4 41.
Ke2 Kxc5 42. Nc2 b5 43. Ke3 Be6 44. a3 Kc4 45. Nd4 Bd7 0-1

[Event "24th ch-EUR Indiv 2024"]
[Site "Petrovac MNE"]
[Date "2024.11.08"]
[Round "1.24"]
[White "Rodshtein, Maxim"]
[Black "Yurtseven, Melih"]
[Result "1-0"]
[WhiteTitle "GM"]
[BlackTitle "IM"]
[WhiteElo "2636"]
[BlackElo "2348"]
[WhiteFideId "2806851"]
[BlackFideId "6312160"]
[EventDate "2024.11.08"]

1. c4 c5 2. g3 Nc6 3. Bg2 g6 4. Nc3 Bg7 5. a3 d6 6. Rb1 a5 7. Nf3 e5 8. d3 Nge7
9. Nd2 O-O 10. Nf1 h6 11. Ne3 Kh7 12. Bd2 Ra6 13. O-O b6 14. Nc2 Nd4 15. b4 axb4
16. axb4 Nxc2 17. Qxc2 Be6 18. Qb3 Qd7 19. bxc5 bxc5 20. Ra1 Rxa1 21. Rxa1 Rd8
22. Qb6 Nc8 23. Qa5 Ne7 24. Rb1 Qc8 25. Nb5 Rd7 26. Qb6 d5 27. Nd6 Qf8 28. Qxc5
e4 29. cxd5 Nxd5 30. Nxe4 Qd8 31. Qa5 Qe7 32. h4 Bg4 33. e3 Be2 34. Nc5 Ra7 35.
Qb5 Ra2 36. Bxd5 Rxd2 37. Qb4 Rc2 38. d4 Bg4 39. Qb7 Qf6 40. Ne4 Qd8 41. Qxf7 1-0

[Event "24th ch-EUR Indiv 2024"]
[Site "Petrovac MNE"]
[Date "2024.11.08"]
[Round "1.25"]
[White "Dalaud, Dorian"]
[Black "Gurel, Ediz"]
[Result "0-1"]
[WhiteTitle "FM"]
[BlackTitle "GM"]
[WhiteElo "2348"]
[BlackElo "2635"]
[WhiteFideId "36093270"]
[BlackFideId "44507356"]
[EventDate "2024.11.08"]

1. e4 c5 2. Nf3 d6 3. Bb5+ Nd7 4. a4 a6 5. Be2 Ngf6 6. Nc3 b6 7. d4 cxd4 8. Qxd4
Bb7 9. O-O e6 10. Rd1 Qc7 11. b4 Rc8 12. Ra3 Be7 13. Rb3 O-O 14. Be3 Rfd8 15. h3
d5 16. exd5 Nxd5 17. Nxd5 Bxd5 18. c4 Bxf3 19. Bxf3 Nc5 20. Qxd8+ Rxd8 21. Rxd8+
Qxd8 22. bxc5 Bxc5 23. Bxc5 bxc5 24. a5 g6 25. Rb6 Qd2 26. Rxa6 Qe1+ 27. Kh2 Kg7
28. Ra7 Qxf2 29. a6 Qa2 30. Ra8 Kf6 31. a7 Qa5 32. Kg3 h5 33. h4 Kf5 34. Kh2 Kf4
35. Kh3 Qe1 36. Kh2 Qxh4+ 37. Kg1 Qe1+ 38. Kh2 Qa5 39. Kh3 h4 40. Kh2 f5 41. Rg8
Qxa7 42. Rxg6 e5 43. Bd5 e4 44. Kh3 Qa1 45. Kh2 Qe1 46. Re6 Qg3+ 47. Kh1 h3 48.
gxh3 Kf3 0-1

[Event "24th ch-EUR Indiv 2024"]
[Site "Petrovac MNE"]
[Date "2024.11.08"]
[Round "1.26"]
[White "Cheparinov, Ivan"]
[Black "Hollan, Martin"]
[Result "1-0"]
[WhiteTitle "GM"]
[BlackTitle "FM"]
[WhiteElo "2632"]
[BlackElo "2347"]
[WhiteFideId "2905540"]
[BlackFideId "360937"]
[EventDate "2024.11.08"]

1. e4 c5 2. Nf3 Nc6 3. Bb5 e6 4. Bxc6 bxc6 5. d3 Qc7 6. b3 e5 7. Bb2 d6 8. Nfd2
Ne7 9. Qe2 Ng6 10. g3 Be7 11. Nc3 h5 12. O-O-O h4 13. Qe3 Bd7 14. f4 d5 15. Ne2
d4 16. Qf3 O-O-O 17. f5 Nf8 18. Nc4 Kb8 19. gxh4 Bc8 20. Rdg1 Rh7 21. h5 Nd7 22.
Kb1 Ba6 23. Bc1 Bxc4 24. dxc4 Rdh8 25. Bd2 Nf6 26. h6 gxh6 27. Nc1 Nd7 28. Nd3
Qd8 29. Rg2 Bg5 30. Rhg1 Qf6 31. Qe2 Kb7 32. Qe1 Qe7 33. Qc1 Nf6 34. Re2 Ka8 35.
Qe1 Nd7 36. Bc1 Qd8 37. Reg2 Bh4 38. Qe2 Bg5 39. Qh5 Nf6 40. Bxg5 hxg5 41. Qxg5
Qd6 42. Qg3 Nd7 43. Qe1 Nf6 44. Rg7 Rxg7 45. Rxg7 Qf8 46. Rg2 Rh3 47. Qa5 Nxe4
48. Qc7 Re3 49. Rg7 Nd6 50. Qxc6+ Nb7 51. Rxf7 Qxf7 52. Qc8# 1-0

[Event "24th ch-EUR Indiv 2024"]
[Site "Petrovac MNE"]
[Date "2024.11.08"]
[Round "1.27"]
[White "Filip, Lucian-Ioan"]
[Black "Suleymanli, Aydin"]
[Result "0-1"]
[WhiteTitle "IM"]
[BlackTitle "GM"]
[WhiteElo "2341"]
[BlackElo "2632"]
[WhiteFideId "1208900"]
[BlackFideId "13413937"]
[EventDate "2024.11.08"]

1. d4 Nf6 2. c4 e6 3. g3 d5 4. Bg2 Bb4+ 5. Nd2 O-O 6. Nf3 dxc4 7. O-O b5 8. a3
Be7 9. b3 cxb3 10. Qxb3 a6 11. Ne5 Ra7 12. Qc3 Nfd7 13. Nd3 c5 14. Bb2 c4 15.
Nf4 Nb6 16. Qc2 Na4 17. Ne4 Rd7 18. e3 Bb7 19. Rfd1 Nxb2 20. Qxb2 e5 21. Ne2
exd4 22. Rxd4 Nc6 23. Rxd7 Qxd7 24. Nf4 Rd8 25. Nh5 f6 26. Nf4 Ne5 0-1

[Event "24th ch-EUR Indiv 2024"]
[Site "Petrovac MNE"]
[Date "2024.11.08"]
[Round "1.28"]
[White "Yuffa, Daniil"]
[Black "Szwed, Jacek"]
[Result "1-0"]
[WhiteTitle "GM"]
[BlackTitle "FM"]
[WhiteElo "2631"]
[BlackElo "2341"]
[WhiteFideId "24131423"]
[BlackFideId "1126431"]
[EventDate "2024.11.08"]

1. d4 Nf6 2. c4 e6 3. Nf3 Bb4+ 4. Nbd2 Be7 5. e4 d5 6. Bd3 c5 7. e5 Nfd7 8. O-O
O-O 9. Re1 Nc6 10. a3 a5 11. cxd5 exd5 12. Bc2 Qb6 13. Nf1 cxd4 14. Ng3 Nc5 15.
Bg5 d3 16. Bxd3 Nxd3 17. Qxd3 Bc5 18. Be3 Bxe3 19. Rxe3 h6 20. h3 Qxb2 21. Rb1
Qa2 22. Nh5 Qc4 23. Qd2 d4 24. Re4 Ne7 25. Rxd4 Qc5 26. Nf6+ Kh8 27. a4 b6 28.
Ne4 Qc6 29. Nd6 Nf5 30. Rc4 Qd7 31. Rxb6 Nxd6 32. Rxd6 Qe7 33. Rxh6+ gxh6 34.
Qxh6+ Kg8 35. Rh4 Qxh4 36. Qxh4 Ra6 37. Ng5 Bf5 38. g4 Bc2 39. f4 Kg7 40. f5 Rh6
41. Qf2 Bxa4 42. f6+ Kg8 43. Qf4 Rg6 44. h4 1-0

[Event "24th ch-EUR Indiv 2024"]
[Site "Petrovac MNE"]
[Date "2024.11.08"]
[Round "1.29"]
[White "Sherman, Raem"]
[Black "Santos Latasa, Jaime"]
[Result "1/2-1/2"]
[WhiteTitle "FM"]
[BlackTitle "GM"]
[WhiteElo "2340"]
[BlackElo "2630"]
[WhiteFideId "2822288"]
[BlackFideId "2293307"]
[EventDate "2024.11.08"]

1. e4 c5 2. Nf3 e6 3. d4 cxd4 4. Nxd4 Nc6 5. Nc3 Qc7 6. Be3 a6 7. Qf3 h5 8. h4
b5 9. O-O-O Bb7 10. Nxc6 Bxc6 11. Bd3 Nf6 12. Rhe1 Be7 13. Bg5 Qb7 14. Qg3 b4
15. Bxf6 gxf6 16. Nd5 exd5 17. exd5 Bxd5 18. Qe3 Be6 19. f4 Qa7 20. f5 Qxe3+ 21.
Rxe3 Bc5 22. Re2 Ke7 23. Be4 Rad8 24. Bf3 Bd6 25. Re4 Rb8 26. fxe6 dxe6 27. Red4
Rb6 28. Rc4 f5 29. b3 Kf6 30. c3 a5 31. Kc2 bxc3 32. Rxc3 e5 33. Rf1 Kg6 34. Be4
fxe4 35. Rg3+ Kh6 36. Rf6+ Kh7 37. Rxf7+ 1/2-1/2

[Event "24th ch-EUR Indiv 2024"]
[Site "Petrovac MNE"]
[Date "2024.11.08"]
[Round "1.30"]
[White "Svane, Rasmus"]
[Black "Fruebing, Stefan"]
[Result "1-0"]
[WhiteTitle "GM"]
[BlackTitle "IM"]
[WhiteElo "2628"]
[BlackElo "2336"]
[WhiteFideId "4657101"]
[BlackFideId "4682165"]
[EventDate "2024.11.08"]

1. d4 d5 2. c4 c6 3. Nf3 Nf6 4. Qb3 dxc4 5. Qxc4 Bg4 6. Nc3 Nbd7 7. Bf4 e6 8. e4
Bxf3 9. gxf3 Be7 10. O-O-O O-O 11. Kb1 Qa5 12. Qb3 b5 13. e5 Nh5 14. Bd2 b4 15.
Ne4 Nb6 16. h4 Rfd8 17. Be3 Nd5 18. Bc4 Rab8 19. Rc1 Kf8 20. Rc2 Nhf4 21. Rhc1
Ng2 22. h5 h6 23. Bf1 Ngf4 24. Rxc6 Rd7 25. Nc5 Bxc5 26. dxc5 Qd8 27. Rd6 Kg8
28. Bxf4 Rxd6 29. exd6 Nxf4 30. Bc4 Rc8 31. Ba6 Rb8 32. c6 1-0

[Event "24th ch-EUR Indiv 2024"]
[Site "Petrovac MNE"]
[Date "2024.11.08"]
[Round "1.31"]
[White "Gombocz, Ferenc Jr."]
[Black "Durarbayli, Vasif"]
[Result "1/2-1/2"]
[WhiteTitle "FM"]
[BlackTitle "GM"]
[WhiteElo "2333"]
[BlackElo "2626"]
[WhiteFideId "775029"]
[BlackFideId "13402935"]
[EventDate "2024.11.08"]

1. d4 Nf6 2. Nf3 g6 3. Bf4 Bg7 4. e3 d6 5. h3 O-O 6. Be2 b6 7. O-O Bb7 8. Bh2
Nbd7 9. Re1 Re8 10. c4 Ne4 11. Nfd2 Nxd2 12. Qxd2 e5 13. dxe5 Qg5 14. Bg4 f5 15.
exf6 Nxf6 16. Bf4 Qc5 17. Bd1 Ne4 18. Qc2 Qb4 19. Re2 Ba6 20. Na3 Nc3 21. Rd2
Ne4 22. Re2 Nc3 23. Rd2 Ne4 1/2-1/2

[Event "24th ch-EUR Indiv 2024"]
[Site "Petrovac MNE"]
[Date "2024.11.08"]
[Round "1.32"]
[White "Hakobyan, Aram"]
[Black "Yordanov, Lachezar"]
[Result "1/2-1/2"]
[WhiteTitle "GM"]
[BlackTitle "FM"]
[WhiteElo "2623"]
[BlackElo "2332"]
[WhiteFideId "13306677"]
[BlackFideId "2918927"]
[EventDate "2024.11.08"]

1. Nf3 d5 2. g3 Bg4 3. Bg2 e6 4. h3 Bh5 5. c4 c6 6. d4 Nf6 7. O-O Be7 8. Qb3 Qb6
9. Nc3 Nbd7 10. cxd5 Qxb3 11. axb3 exd5 12. Nh4 Bg6 13. Nxg6 hxg6 14. h4 O-O 15.
Bd2 Rfe8 16. Na4 a6 17. e3 Bd6 18. Rfc1 Ne4 19. Be1 Re7 20. b4 f5 21. Nc5 Bxc5
22. bxc5 Nf8 23. Ra3 Ne6 24. Rb3 g5 25. hxg5 N6xg5 26. Ra1 Rf8 27. f3 Nf6 28.
Bd2 Ne6 29. Kf2 g5 30. Rh1 Rff7 31. Ra3 Rh7 32. Raa1 g4 33. f4 Rxh1 34. Rxh1 Rh7
35. Rxh7 Kxh7 36. Ke2 Kg6 37. Kd3 Kf7 38. Be1 Ke8 39. Ke2 Kd7 40. Kf1 Ng7 41.
Kg1 Ngh5 42. Bf1 Ne4 43. Kg2 Kc7 44. Bd3 Nhf6 45. Ba5+ Kc8 46. Bb4 Kd7 47. Be1
Kc7 48. Ba5+ Kc8 49. Bb4 Nh5 50. Be1 Kd7 51. Kh2 Kc7 52. Ba5+ Kb8 53. Be1 Ka7
54. Kg2 Kb8 1/2-1/2

[Event "24th ch-EUR Indiv 2024"]
[Site "Petrovac MNE"]
[Date "2024.11.08"]
[Round "1.33"]
[White "Vagman, Roy"]
[Black "Indjic, Aleksandar"]
[Result "0-1"]
[WhiteTitle "FM"]
[BlackTitle "GM"]
[WhiteElo "2322"]
[BlackElo "2623"]
[WhiteFideId "2828995"]
[BlackFideId "911925"]
[EventDate "2024.11.08"]

1. e4 c5 2. Nf3 e6 3. d4 cxd4 4. Nxd4 a6 5. Bd3 Bc5 6. Nb3 Ba7 7. Qe2 Nc6 8. Be3
d6 9. O-O Nf6 10. c4 O-O 11. Nc3 e5 12. Bxa7 Rxa7 13. Qe3 Be6 14. Rac1 Qb8 15.
Rfd1 b6 16. Nd5 Nd7 17. f4 exf4 18. Qxf4 Nde5 19. Bb1 a5 20. a4 Rc8 21. Rc3 Kh8
22. Nd2 Ne7 23. h3 Rf8 24. Rf1 Qd8 25. Qe3 Nxd5 26. exd5 Bd7 27. b3 Bc8 28. Rcc1
Re7 29. Rce1 f5 30. Qf2 Kg8 31. Nf3 g6 32. Nd4 Bd7 33. Qg3 Qc8 34. Kh1 f4 35.
Qh4 Ref7 36. Nf3 Nxf3 37. Rxf3 Qd8 38. Qxd8 Rxd8 39. Kh2 Kg7 40. Ref1 g5 41. g3
Rdf8 42. gxf4 Rxf4 43. Rxf4 Rxf4 44. Rxf4 gxf4 45. Kg2 h5 46. Kf3 Bxh3 47. Kxf4
Kf6 48. Be4 h4 49. Bh7 Bg2 50. Ke3 Ke5 51. Kf2 Be4 0-1

[Event "24th ch-EUR Indiv 2024"]
[Site "Petrovac MNE"]
[Date "2024.11.08"]
[Round "1.34"]
[White "Ivic, Velimir"]
[Black "Hovakimyan, Vache"]
[Result "1-0"]
[WhiteTitle "GM"]
[BlackTitle "FM"]
[WhiteElo "2622"]
[BlackElo "2319"]
[WhiteFideId "950122"]
[BlackFideId "13317288"]
[EventDate "2024.11.08"]

1. c4 Nf6 2. Nc3 e5 3. Nf3 Nc6 4. g3 d5 5. cxd5 Nxd5 6. Bg2 Nb6 7. O-O Be7 8. b3
O-O 9. Bb2 Re8 10. Rc1 Bf8 11. Ne4 Nd4 12. e3 Nxf3+ 13. Qxf3 f5 14. Nc5 Qxd2 15.
Bc3 Qd8 16. b4 e4 17. Qe2 c6 18. Rfd1 Qe7 19. Bd4 Nd5 20. b5 b6 21. Nb3 cxb5 22.
Qxb5 Nb4 23. Rxc8 Raxc8 24. Qxf5 Nxa2 25. Nd2 Nc3 26. Bxc3 Rxc3 27. Nxe4 Rc7 28.
Nd6 Rd8 29. Bd5+ Kh8 30. Nf7+ Qxf7 31. Bxf7 Rxd1+ 32. Kg2 Rd8 33. Ba2 Rcd7 34.
h4 Rd2 35. Qf7 Bc5 36. Bb1 Bxe3 37. Kh3 Bd4 38. Qh5 h6 39. Qf5 Kg8 40. Qe6+ Kh8
41. Qe4 Kg8 42. f4 Rb2 43. Bc2 b5 44. g4 a6 45. g5 hxg5 46. hxg5 Rxc2 47. Qxc2
Rf8 48. Kg4 Kh8 49. Kh5 Be3 50. Kg6 Bxf4 51. Qc3 1-0

[Event "24th ch-EUR Indiv 2024"]
[Site "Petrovac MNE"]
[Date "2024.11.08"]
[Round "1.35"]
[White "Brzezina, Piotr"]
[Black "Donchenko, Alexander"]
[Result "0-1"]
[WhiteTitle "FM"]
[BlackTitle "GM"]
[WhiteElo "2307"]
[BlackElo "2617"]
[WhiteFideId "21078874"]
[BlackFideId "24603295"]
[EventDate "2024.11.08"]

1. e4 c5 2. Nf3 d6 3. d4 cxd4 4. Nxd4 Nf6 5. Bd3 g6 6. O-O Bg7 7. c4 O-O 8. Nc3
Nc6 9. Nde2 a6 10. b3 Bd7 11. Bf4 Nb4 12. a4 Bc6 13. Rc1 e6 14. Bb1 d5 15. cxd5
exd5 16. Nd4 Bd7 17. Qd2 Re8 18. Rfd1 Rc8 19. exd5 Nbxd5 20. Nde2 Nxf4 21. Nxf4
Qa5 22. Nfd5 Nxd5 23. Qxd5 Qxd5 24. Nxd5 Rxc1 25. Rxc1 Re2 26. Rd1 Rb2 27. Be4
Bg4 28. f3 Be6 29. Nc7 Bxb3 30. Rd8+ Bf8 31. Bxb7 a5 32. Bd5 Bxa4 33. Ra8 Rc2
34. Rxa5 Bd7 35. Na8 Bc5+ 36. Kf1 Bd4 37. Ra2 Bb5+ 38. Ke1 Bc3+ 39. Kd1 Rxa2 40.
Bxa2 Ba5 41. Bd5 Kf8 42. f4 Ke7 43. g4 Bd7 44. g5 Be6 45. Bxe6 fxe6 46. Ke2 Kd6
47. Ke3 Kd5 48. h4 e5 49. fxe5 Kxe5 50. Kf3 Kd5 51. Kf4 Bd2+ 52. Kf3 Kc6 53. Ke4
Bc3 54. Nb6 Kxb6 55. Kd5 Kc7 56. Ke6 Kd8 57. Kf7 Kd7 58. Kg8 Ke8 59. Kxh7 Kf7
60. Kh6 Bd4 61. Kh7 Bg7 62. h5 gxh5 63. g6+ Kf6 0-1

[Event "24th ch-EUR Indiv 2024"]
[Site "Petrovac MNE"]
[Date "2024.11.08"]
[Round "1.36"]
[White "Demchenko, Anton"]
[Black "Sukovic, Andrej"]
[Result "1-0"]
[WhiteTitle "GM"]
[BlackTitle "FM"]
[WhiteElo "2615"]
[BlackElo "2299"]
[WhiteFideId "4160258"]
[BlackFideId "16502310"]
[EventDate "2024.11.08"]

1. e4 e6 2. d4 d5 3. Nd2 c5 4. exd5 Qxd5 5. Ngf3 cxd4 6. Bc4 Qd6 7. O-O Nf6 8.
Nb3 Nc6 9. Re1 Bd7 10. g3 Qc7 11. Nfxd4 Nxd4 12. Qxd4 Qd6 13. Be3 Qxd4 14. Bxd4
Be7 15. Be2 a5 16. a4 O-O 17. Bf3 Bc6 18. Bxc6 bxc6 19. Bc3 Bd8 20. Ra2 Nd5 21.
Bd2 Bc7 22. Re4 Rfc8 23. Rc4 Bb6 24. Kf1 f5 25. Nc5 e5 26. Nd7 Bd4 27. c3 Bb6
28. Nxe5 c5 29. Ra1 Bd8 30. Rd1 Nb6 31. Rf4 g6 32. Nc4 Nxa4 33. Ra1 Nb6 34. Nxb6
Bxb6 35. Be3 Bd8 36. Rc4 Be7 37. Rca4 Rab8 38. R1a2 Bd8 39. Rc4 Be7 40. Ke2 Kf7
41. Kd3 g5 42. Kc2 Rb5 43. h4 gxh4 44. gxh4 h5 45. Rf4 c4 46. Ra4 Rg8 47. Raxc4
Rg4 48. Rc7 Ke6 49. Rfc4 Bxh4 50. R4c6+ Ke5 51. Kd3 Bg5 52. f4+ Bxf4 53. Bd4+ 1-0

[Event "24th ch-EUR Indiv 2024"]
[Site "Petrovac MNE"]
[Date "2024.11.08"]
[Round "1.37"]
[White "Fiedorek, Michal"]
[Black "Bartel, Mateusz"]
[Result "0-1"]
[WhiteTitle "FM"]
[BlackTitle "GM"]
[WhiteElo "2295"]
[BlackElo "2613"]
[WhiteFideId "1199528"]
[BlackFideId "1112635"]
[EventDate "2024.11.08"]

1. e4 e6 2. d4 d5 3. e5 c5 4. c3 Nc6 5. Nf3 Bd7 6. Be2 Rc8 7. O-O h6 8. Nbd2 g5
9. Nb3 c4 10. Nbd2 Nge7 11. Ne1 Ng6 12. g3 Bg7 13. Ng2 O-O 14. b3 cxb3 15. Nxb3
f5 16. exf6 Rxf6 17. f4 gxf4 18. Nxf4 e5 19. Nh5 Rxf1+ 20. Bxf1 Bf8 21. Qf3 e4
22. Qf6 Nce7 23. Nc5 Rc6 24. Qf2 Bc8 25. Bb5 Rb6 26. Be2 Nf5 27. Kh1 Be7 28. a4
Kh7 29. a5 Rc6 30. Bb5 Rc7 31. a6 b6 32. g4 Bh4 33. Qd2 Bg5 34. Qf2 Nd6 35. Nb7
Bxb7 36. axb7 Rxb7 37. Be2 Rf7 38. Qg3 Bh4 39. Qe3 Bg5 40. Qg3 a5 41. Ba3 Nc4
42. Bxc4 dxc4 43. Qg2 Rf3 44. Rf1 Qd5 45. Bc1 Nh4 0-1

[Event "24th ch-EUR Indiv 2024"]
[Site "Petrovac MNE"]
[Date "2024.11.08"]
[Round "1.38"]
[White "Hovhannisyan, Robert"]
[Black "Leszko, Bence"]
[Result "1-0"]
[WhiteTitle "GM"]
[BlackTitle "FM"]
[WhiteElo "2613"]
[BlackElo "2292"]
[WhiteFideId "13302507"]
[BlackFideId "769070"]
[EventDate "2024.11.08"]

1. e4 c5 2. Nf3 e6 3. d4 cxd4 4. Nxd4 Nf6 5. Nc3 Nc6 6. Ndb5 Bb4 7. a3 Bxc3+ 8.
Nxc3 d5 9. Bd3 dxe4 10. Nxe4 Nxe4 11. Bxe4 Qxd1+ 12. Kxd1 Bd7 13. f3 e5 14. Be3
f5 15. Bd3 Kf7 16. Ke2 Kf6 17. Rhd1 Be6 18. Rd2 g5 19. Rad1 a6 20. Kf2 Rac8 21.
g3 h5 22. h4 gxh4 23. gxh4 f4 24. Bb6 Rhg8 25. Be4 Rg3 26. Bd8+ Kf7 27. Bg5 Rc7
28. Rd6 Rh3 29. Kg2 Rg3+ 30. Kf2 Rh3 31. Rg1 Rh2+ 32. Rg2 Rxg2+ 33. Kxg2 Rd7 34.
Rxd7+ Bxd7 35. Kf2 b5 36. Ke2 Nd4+ 37. Kd3 Ne6 38. Bd5 Kg6 39. Be7 Nc7 40. Be4+
Kf7 41. Bd6 Ne6 42. Bd5 Kf6 43. Bb7 Nd4 44. c3 Bf5+ 45. Kd2 Nb3+ 46. Kd1 a5 47.
Bc6 Ke6 48. Bc7 Bd3 49. Be8 a4 50. Bxh5 Nc5 51. Kd2 Bh7 52. Be8 e4 53. Bxf4 exf3
54. Bxb5 f2 55. Be3 Bd3 56. Bxf2 Bxb5 57. Bxc5 Kd5 58. h5 Be8 59. h6 Bg6 60. Bf8
Bh7 61. Ke3 Bb1 62. Kf4 Bd3 63. Bg7 Ke6 64. Ke3 1-0

[Event "24th ch-EUR Indiv 2024"]
[Site "Petrovac MNE"]
[Date "2024.11.08"]
[Round "1.39"]
[White "Unat, Can Haktan"]
[Black "Petrosyan, Manuel"]
[Result "0-1"]
[WhiteTitle "FM"]
[BlackTitle "GM"]
[WhiteElo "2290"]
[BlackElo "2612"]
[WhiteFideId "6398073"]
[BlackFideId "13300857"]
[EventDate "2024.11.08"]

1. e4 c6 2. d4 d5 3. Nc3 dxe4 4. Nxe4 Nf6 5. Nxf6+ exf6 6. c3 Bd6 7. Bd3 O-O 8.
Qc2 Re8+ 9. Ne2 h6 10. O-O Nd7 11. Bd2 Nf8 12. Rae1 Be6 13. Ng3 Bxg3 14. hxg3
Qd7 15. Re3 Rac8 16. a4 Red8 17. Bc1 a6 18. Rfe1 b5 19. b4 Qd5 20. Be4 Qa2 21.
a5 Qxc2 22. Bxc2 h5 23. f3 g6 24. Kf2 Kg7 25. Rh1 Bd5 26. Rh4 Re8 27. g4 hxg4
28. Rxg4 Rxe3 29. Bxe3 Ne6 30. Rh4 f5 31. Rh1 Kf6 32. Bc1 Bc4 33. Re1 Rh8 34.
Bd2 Bd5 35. Kg1 Kg7 36. Kf2 f6 37. Kg1 Kf7 38. Kf2 f4 39. Kg1 g5 40. Bf5 Ng7 41.
Bc2 Ne8 42. Kf2 Nd6 43. Bd3 Be6 44. Be4 Nxe4+ 45. Rxe4 Ke7 46. Kg1 Kd6 47. Be1
Bd5 48. Re2 Bc4 49. Rd2 Kd5 50. Bf2 Re8 51. Rd1 Be2 52. Re1 f5 53. g3 fxg3 54.
Bxg3 f4 55. Bf2 Kc4 56. d5 cxd5 57. Bd4 Kd3 58. Kf2 Re3 59. Bxe3 fxe3+ 60. Kg3
Kd2 61. Ra1 Bc4 62. Rb1 Kxc3 63. f4 gxf4+ 64. Kxf4 d4 65. Kf3 e2 66. Kf2 d3 67.
Ke3 d2 0-1

[Event "24th ch-EUR Indiv 2024"]
[Site "Petrovac MNE"]
[Date "2024.11.08"]
[Round "1.40"]
[White "Theodorou, Nikolas"]
[Black "Lekic, Dusan"]
[Result "1-0"]
[WhiteTitle "GM"]
[BlackTitle "IM"]
[WhiteElo "2612"]
[BlackElo "2288"]
[WhiteFideId "4262875"]
[BlackFideId "905330"]
[EventDate "2024.11.08"]

1. d4 Nf6 2. Nf3 e6 3. Bf4 b6 4. e3 Bb7 5. h3 g6 6. c4 Bg7 7. Nc3 Ne4 8. Nxe4
Bxe4 9. Bd3 Bxd3 10. Qxd3 O-O 11. h4 d6 12. h5 Nd7 13. hxg6 hxg6 14. O-O-O e5
15. Bg5 Qe8 16. Qe4 f6 17. Bh6 Qf7 18. Rh3 Bxh6 19. Rxh6 Kg7 20. Rdh1 Rh8 21.
Qh4 Qxc4+ 22. Kb1 Qd3+ 23. Ka1 Rxh6 24. Qxh6+ Kf7 25. Qh7+ Ke6 26. d5+ Qxd5 27.
Qxg6 Rf8 28. e4 Qb5 29. Ng5+ 1-0

[Event "24th ch-EUR Indiv 2024"]
[Site "Petrovac MNE"]
[Date "2024.11.08"]
[Round "1.41"]
[White "Vujosevic, Vladimir"]
[Black "Dardha, Daniel"]
[Result "0-1"]
[WhiteTitle "IM"]
[BlackTitle "GM"]
[WhiteElo "2285"]
[BlackElo "2606"]
[WhiteFideId "901580"]
[BlackFideId "240990"]
[EventDate "2024.11.08"]

1. e4 c5 2. Nf3 Nc6 3. Bb5 e6 4. O-O Nge7 5. c3 a6 6. Ba4 b5 7. Bc2 Bb7 8. Qe2
Ng6 9. d4 cxd4 10. cxd4 Rc8 11. g3 e5 12. dxe5 Ngxe5 13. Bb3 Qf6 14. Nxe5 Qxe5
15. Nc3 Nd4 16. Qd3 Nxb3 17. axb3 Bc5 18. Bf4 Qe6 19. Rad1 Bc6 20. Nd5 O-O 21.
Rfe1 h6 22. Nc7 Rxc7 23. Bxc7 Re8 24. Bf4 Qg6 25. Qc3 Qh5 26. h4 Rxe4 27. Rxe4
Qxd1+ 28. Re1 Qd5 29. Kf1 Qg2+ 30. Ke2 Bxf2 31. Kd1 Bf3+ 32. Kc1 Bxe1 33. Qxe1
Be4 34. Qc3 Qf1+ 35. Kd2 Qf2+ 36. Kd1 Bf3+ 37. Kc1 Qf1+ 0-1

[Event "24th ch-EUR Indiv 2024"]
[Site "Petrovac MNE"]
[Date "2024.11.08"]
[Round "1.42"]
[White "Lagarde, Maxime"]
[Black "Filip, Andrei"]
[Result "1-0"]
[WhiteTitle "GM"]
[BlackTitle "FM"]
[WhiteElo "2606"]
[BlackElo "2283"]
[WhiteFideId "662399"]
[BlackFideId "1249452"]
[EventDate "2024.11.08"]

1. e4 c5 2. Nf3 e6 3. c3 Nf6 4. e5 Nd5 5. a3 d6 6. d4 cxd4 7. c4 Nc7 8. Qxd4 Nc6
9. Qf4 Be7 10. Qg3 dxe5 11. Qxg7 Bf6 12. Qg4 Nd4 13. Nxd4 exd4 14. Nd2 e5 15.
Qh5 Bg7 16. Bd3 Qe7 17. Ne4 Ne6 18. O-O Bd7 19. Bd2 b6 20. f4 exf4 21. Bb4 Nc5
22. Rae1 Be6 23. Nxc5 bxc5 24. Rxe6 1-0

[Event "24th ch-EUR Indiv 2024"]
[Site "Petrovac MNE"]
[Date "2024.11.08"]
[Round "1.43"]
[White "Perossa, Nicolas"]
[Black "Chigaev, Maksim"]
[Result "0-1"]
[WhiteTitle "FM"]
[BlackTitle "GM"]
[WhiteElo "2277"]
[BlackElo "2605"]
[WhiteFideId "2850520"]
[BlackFideId "4108116"]
[EventDate "2024.11.08"]

1. e4 c6 2. Nc3 d5 3. Nf3 Bg4 4. Be2 e6 5. d4 Nd7 6. h3 Bh5 7. exd5 cxd5 8. Bf4
Bb4 9. O-O Bxc3 10. bxc3 Bxf3 11. Bxf3 Nb6 12. Qb1 Qd7 13. Be2 Ne7 14. a4 Nc4
15. Bc1 Rc8 16. Re1 O-O 17. Qb5 Rfd8 18. Bg5 Nd6 19. Qxd7 Rxd7 20. Bb5 Nc6 21.
Bc1 h6 22. Ba3 Rdd8 23. Bxd6 Rxd6 24. Bxc6 Rdxc6 25. Reb1 R8c7 26. Ra3 Rxc3 27.
Rxb7 Rxc2 28. Rbb3 Rd2 29. Rb4 Rc1+ 30. Kh2 Rxf2 31. Rb8+ Kh7 32. Rb7 a5 33. Ra7
h5 34. h4 Rcc2 35. Rg3 Rc4 36. Rxa5 Rxd4 37. Ra3 Rg4 38. Ra6 Rgxg2+ 39. Kh3 e5
40. Ra1 f5 0-1

[Event "24th ch-EUR Indiv 2024"]
[Site "Petrovac MNE"]
[Date "2024.11.08"]
[Round "1.44"]
[White "Fressinet, Laurent"]
[Black "Yeritsyan, Hayk"]
[Result "1-0"]
[WhiteTitle "GM"]
[BlackTitle "FM"]
[WhiteElo "2605"]
[BlackElo "2276"]
[WhiteFideId "608742"]
[BlackFideId "13307320"]
[EventDate "2024.11.08"]

1. Nf3 d5 2. g3 e6 3. Bg2 Nf6 4. O-O Be7 5. d4 O-O 6. b3 b6 7. c4 c5 8. Nc3 Bb7
9. cxd5 Nxd5 10. Nxd5 Bxd5 11. dxc5 Bf6 12. Rb1 Be4 13. Ba3 Bxb1 14. Qxb1 Nd7
15. cxb6 Be7 16. b7 Rb8 17. Bxe7 Qxe7 18. Nd4 Ne5 19. Qe4 Qd6 20. Nb5 Qc5 21. a4
a6 22. b4 Qd5 23. Qf4 Qb3 24. Qxe5 Qxb4 25. Nc7 Qxa4 26. Ra1 1-0